000 00837nam a2200205 a 4500
001 000042437
005 20201002040145.0
008 131202s2009 dr cf 001 0 spa d
020 _a9789945866766
040 _aDO-SdBNP
_bspa
_cBNPHU
245 0 0 _aArte dominicano joven :. :
_bmárgenes, género, interacciones y nuevos territorios /
_ceditor, Rubén Lamarche; fotografía, Alain Bañon; Cumbre Nazca Saatchi & Saatchi.
260 _aSanto Domingo, :
_bFundación AES Dominicana
_bCasa de Teatro,
_c2009.
300 _a248 p. :
_bretrs., lam. ;
_c29 cm.
500 _aIncluye bibliografías
500 _aUna publicación de Cumbre Nazca Saatchi & Saatchi
500 _aIncluye índice onomástico
710 1 _aCumbre Nazca Saatchi & Saatchi
_969583
700 1 _aLamarche, Rubén
_bed.
_969584
700 1 _aBañon, Alain
_efot.
_969585
999 _c41926
_d41926